| 000 | 00816nmc a2200289 a 4500 | ||
|---|---|---|---|
| 003 | AR-BaBNM | ||
| 005 | 20251128203318.0 | ||
| 008 | 077019s1992 ||||||||||||||000 | spa|| | ||
| 020 | _a84-7100-395-3 | ||
| 040 | _cAR-BaBNM | ||
| 100 | 1 | _aGonzález Hernández, Juan Carlos | |
| 245 | 1 | 0 | _aInfluencia del derecho español en América |
| 250 | _a1ª ed. | ||
| 260 |
_aMadrid _bMapfre _c1992 |
||
| 300 | 0 | _a255 p. | |
| 490 | 0 |
_aRelaciones entre España y América _vv. 9 |
|
| 500 | 0 | _aApéndices para consultar p. 235-247 | |
| 650 | 4 | _aDERECHO | |
| 650 | 4 | _aINSTITUCIONES HISPANOAMERICANAS | |
| 650 | 4 | _aHISTORIA POLITICA | |
| 650 | 4 | _aDERECHO INDIANO | |
| 650 | 4 | _aHISTORIA INSTITUCIONAL | |
| 651 | 4 | _aPuerto Rico | |
| 800 | 1 |
_aGallego, José Andrés _ecoordinador |
|
| 942 | _cBK | ||
| 998 | _cmariana | ||
| 999 |
_c2842 _d2842 |
||